| 000 | 00847nam a22002777a 4500 | ||
|---|---|---|---|
| 001 | BR6010641 | ||
| 003 | BR-BrBNA | ||
| 005 | 20230928083335.0 | ||
| 007 | ta | ||
| 008 | 230509b bl.||||| |||| 00| 0 por d | ||
| 040 |
_aBR-BrBNA _bpor _cBiblioteca Nacional de Agricultura |
||
| 041 | _a(Por) | ||
| 072 |
_aE30 _b0230 _b/G514 |
||
| 090 | _ 0230 BR6010641 | ||
| 110 | 1 | _aSuperintendencia do Desenvolvimento do Nordeste, Recife, PE (Brasil) | |
| 245 | 1 | _aModernizacao e diversificacao da agricultura na zona canavieira do nordeste brasileiro - secao 6 | |
| 260 | 3 |
_aRecife, PE (Brasil): _c[nd]. |
|
| 300 | _a30 p. | ||
| 650 | _aCANA DE ACUCAR | ||
| 650 | _aDESENVOLVIMENTO AGRICOLA | ||
| 650 | _aEXPLORACAO AGRICOLA | ||
| 650 | _aREGIAO NORDESTE | ||
| 650 | _aREGIAO CANAVIEIRA | ||
| 909 |
_a202309 _bLucia _c55 _dLucia Elande |
||
| 942 | _cBK | ||
| 999 |
_c12898 _d12898 |
||